| 000 | 00826nam a2200241 a 4500 | ||
|---|---|---|---|
| 001 | 54724 | ||
| 003 | BD-RjUL | ||
| 005 | 20211209080148.0 | ||
| 008 | 161109s1981 bg b f000 0 eng | ||
| 035 | _a(BD-RjUL)54846 | ||
| 040 |
_aDLC _cDLC _dBD-RjUL _beng |
||
| 041 | _aeng | ||
| 082 | 0 | 0 |
_a823.912 _223 _bCHE 1981 |
| 100 | 1 |
_aCaudhurī, Sirājula Isalāma, _d1936- _9163159 |
|
| 245 | 1 | 4 |
_aThe enemy territory : _ba study of evil in D.H. Lawrence / _cSerajul Islam Choudhury. |
| 260 |
_aDacca, Bangladesh : _bUniversity of Dacca, _c1981. |
||
| 300 |
_a136, p. ; _c22 cm. |
||
| 504 | _aBibliography: p. [1]-[3] (2nd group) | ||
| 600 | 1 | 0 |
_aLawrence, D. H. _q(David Herbert), _d1885-1930 _xCriticism and interpretation. _9163160 |
| 650 | 0 |
_aEvil in literature. _9163161 |
|
| 942 |
_2ddc _cBK |
||
| 999 |
_c54724 _d54724 |
||